Trouver le nom de ses animaux qui vont avec ses marques - Statistiques

Statistiques générales
  • Ce quiz a été pris 102 fois
    34 depuis la dernière actualisation
  • Le résultat moyen est 12 sur 14
Statistiques - réponses
Marque Animaux % Correct
Ferrari Cheval
100%
Milka Vache
100%
La vache qui rit Vache
100%
Lacoste Crocodile
95%
Jaguar Jaguar
95%
Twitter Oiseau
95%
Auchant Oiseau
95%
Puma Puma
95%
Lamborghini Taureau
91%
Red bull Taureau
91%
Wwf Panda
82%
Castorama Castor
68%
Malabar Chat
55%
Firfox Panda Roux
14%
Aucun quiz correspondant
Distribution des résultats
% des personnes avec chaque résultat
Percentile par nombre de réponses
Votre historique - résultats
Vous n’avez pas pris ce quiz depuis la dernière actualisation